000 00831nam a2200229 i 4500
001 23307
003 ES-MaACL
005 20251012063038.0
007 t|
008 021210s1840 sp |||| | spa d
080 _a37(460)
100 1 _aÁlvarez, Juan Manuel,
_dfl. 1840
_9153279
245 1 0 _aOración inaugural que en la solemne apertura del Instituto Español pronunció en 25 octubre de 1840 Don Juan Manuel Álvarez.
260 _aMadrid :
_b[s.n.],
_c1840 (
_fImp. de Repullés)
300 _a32 p. ;
_c18 cm.
530 _aDisponible en formato digital.
650 4 _aEnseñanza-
_zEspaña-
_yS.XIX
_912286
710 2 _aInstituto Español.
_9152787
852 4 _aES-MaACL
_jT-23-F-6
856 4 _uhttp://bdh-rd.bne.es/viewer.vm?id=0000103724&page=1
_zBiblioteca Digital Hispánica
999 _c23307
_d23307